Where do these movies take place? - Statistics

General Stats
  • This quiz has been taken 26 times
  • The average score is 11 of 15
Answer Stats
Hint Extra Hint Answer % Correct
Pirates of the Caribbean (2003) Jamaica
95%
Borat (2006) Other than USA Kazachstan
90%
Mad Max (1979) Australia
86%
In Bruges (2008) Belgium
86%
Rush Hour (1998) Other than USA China
86%
Jojo Rabbit (2019) Germany
86%
Life of Pi (2012) Where Pi is from India
86%
The Banshees of Inisherin (2022) Ireland
86%
Up (2009) Where the House is in the end Venezuela
86%
Luca (2021) Italy
76%
The Pianist (2002) Poland
71%
Inglourious Basterds (2009) France
62%
Glass Onion (2022) Greece
57%
Initial D (2005) Japan
48%
Kiki's Delivery Service (1989) What country the setting was based on Sweden
10%
No matching quizzes found
Score Distribution
Percent of People with Each Score
Percentile by Number Answered
Your Score History
You have not taken this quiz